000
00322nam a2200145Ia 4500
008
240112s2006 xx 000 0 und d
022
_a
9718222
041
_a
eng
082
_a
616.3
100
_a
MEHTA N.
245
_a
GASRTOENTEROLOGY GODAY
260
_b
CMP MEDIA
_c
2006
300
_a
188,HB
_c
(3-4)
440
_v
X
999
_c
1141069
_d
1141069